000 01077nam a22003137a 4500
001 661
005 20230628151641.0
008 230628b cb ||||| |||| 00| 0 eng d
020 _a0060229810 :
_c$15.00 ($19.95 Can.)
020 _a0060229829 (lib. bdg.)
040 _aDLC
_cDLC
_dDLC
_beng
050 0 0 _aQH541.14
_b.L38 1995
082 0 0 _a574.5/3
_220
100 1 _aLauber, Patricia.
245 1 0 _aWho eats what? :
_bfood chains and food webs /
_cby Patricia Lauber ; illustrated by Holly Keller.
250 _a1st ed.
260 _aNew York :
_bHarperCollins,
_c1995.
300 _a32 pages :
_bcolor illustrations ;
_c21 x 26 cm.
505 _aK
520 _aExplains the concept of a food chain and how plants, animals, and humans are ecologically linked.
521 _a620
_bLexile
521 _aK
_bRaz-Plus
650 0 _aFood chains (Ecology)
_xJuvenile literature.
650 1 _aFood chains (Ecology)
650 1 _aEcology.
700 1 _aKeller, Holly,
_eillustrator.
906 _a7
_bcbc
_corignew
_d1
_eocip
_f19
_gy-gencatlg
942 _2ddc
_cBK
_n0
999 _c661
_d661